Vista normal
Vista MARC
- MAESTROS -
Entrada Materia
Número de registros utilizados en: 5
001 - NÚMERO DE CONTROL DEL REGISTRO
- campo de control: 9207
003 - IDENTIFICADOR DE NUMERO DE CONTROL
- campo de control: UPN
005 - FECHA Y HORA DE LA ÚLTIMA TRANSACCIÓN
- campo de control: 20210219193733.0
008 - DATOS DE LONGITUD FIJA
- campo de control de longitud fija: nabaccnnaabn|||||||||| b |nc|||||d
035 ## - NÚMERO DE CONTROL DEL SISTEMA
- Número de control del sistema: UPN10000009213
040 ## - FUENTE DE LA CATALOGACIÓN
- Lengua de catalogación: SPA
- Agencia de transcripción: UPN
150 ## - ENCABEZAMIENTO - TEMÁTICO
- Término de materia o nombre geográfico como elemento inicial: MAESTROS -
- Subdivisión de materia general: CONDICIONES ECONOMICAS
450 ## - VÉASE - MATERIA
- Encabezamiento temático: Estatus socioeconómico de los maestros
670 ## - FUENTE EN LA QUE SE LOCALIZARON DATOS
- Cita de la fuente: LC
- Información localizada: Teachers - Economic conditions
902 ## - CATALOGADOR
- Catalogador: CAA/120308